000 00592nam a22002177a 4500
005 20240628152749.0
008 230814b |||||||| |||| 00| 0 eng d
020 _a9788132106913
_cRs.475.00
040 _aLoreto college
041 _aEnglish
082 _a327
_bBAS
245 _aInternational politics
_bConcepts, theories and issues
_cEdited by Rumki Basu
260 _aDelhi
_bSage
_c2012
300 _a526p.
_b21cm.
504 _aIncludes index
650 _aPolitical science
650 _aInternational politics
700 _4ed.
_aBasu, Rumki
850 _aLCLIB
942 _cBK
999 _c43428
_d93907